01727nam a2200325 a 450000100100000000500170001000800410002702000180006804000250008608200150011110000340012624501150016025000110027526000400028630000330032649000260035950000650038550000520045059000260050270000340052883000330056295201230059595201080071895201140082695201080094095201140104895201140116295201080127699900170138400004720820201002053440.0180424s2017 dr a 000 0 spa d a9789945195309 aDO-SdBNPbspacBNPHU axxxxbxxxx1 aMolina Moloon, Andrés9659510aMatemáticas 2 :beducación primaria /cAndrés Molina Moloon ; ilustración Ruddy Núñez... [et al.]. a2a ed. aSanto Domingo :bSantillana,c2017. av. :bil. ;c28 cm.e+CD-ROM1 aProyecto Todos Juntos aActualización según el nuevo diseño curricular oficial aLa biblioteca posee solamente el libro de texto aInventariado, 2018/LP1 aNúñez, Ruddy,eil.923171 0aProyecto Todos Juntos930856 001054708PDaGRbGRcHDd2018-04-24iLF1l0ov. 2, e. 3p47208-30r2020-06-25w2020-06-25yLFPDZPréstamo en sala 0010718PDaPDbPDcHDd2018-04-24iLF1l0ov. 1p47208-10r2020-06-25w2020-06-25yLFPDZNo se presta 0010718PDaPDbPDcHDd2018-04-24iLF1l0ov. 1, e. 2p47208-20r2020-06-25w2020-06-25yLFPDZNo se presta 0010718PDaPDbPDcHDd2018-11-29iLF1l0ov. 2p47208-40r2020-06-25w2020-06-25yLFPDZNo se presta 0010718PDaPDbPDcHDd2018-11-29iLF1l0ov. 2, e. 2p47208-50r2020-06-25w2020-06-25yLFPDZNo se presta 0010718PDaPDbPDcHDd2018-11-29iLF1l0ov. 3, e. 2p47208-60r2020-06-25w2020-06-25yLFPDZNo se presta 0010718PDaPDbPDcHDd2018-11-29iLF1l0ov. 3p47208-70r2020-06-25w2020-06-25yLFPDZNo se presta c46696d46696